| Registos Bibliográficos associados ao registo de autoridade |
|
Etiqueta de registo: 01472nkm 2200277 450 001 1881174 003 http://id.bnportugal.gov.pt/bib/catbnp/1881174 100 ## $a20140808f19141918km y0pory01030103ba 101 0# $apor 102 ## $aPT 200 1# $a Um episodio dramatico da batalha de Mons$bVisual gráfico]$e [ Guerra 1914-1918] 210 #9 $aLisboa$cPap. Guedes,$d[1914-18] 215 ## $a1 postal$ccolor.$d9x14 cm 306 ## $aData de publicação atribuída em conformidade com o acontecimento representado conjugado
com as caraterísticas formais do documento 324 ## $aCópia digital de original pertencente ao Museu Militar 330 ## $aGrupo de soldados feridos, em fuga de um edifício em chamas. Na base apresenta a seguinte
menção: "Durante a terrível batalha de Mons-Charleroi, os feridos inglezes foram conduzidos
a uma pequena egreja rural, entre Cateau e Landricies. Tendo porém os alemães bombardeado
o improvisado hospital, tiveram que ser salvos precipitadamente os feridos em titanica
luta com as chamas e a metralha". 540 1# $aPrimeira Guerra Mundial 675 ## $a94(100)"1914/1918"(084.0)$vBN$zpor$3568220 675 ## $a94(44+410.1)"1914/1918"(084.0)$vBN$zpor$31583364 712 02 $aPapelaria Guedes$4650$31226577 801 #0 $aPT$bBN$gRPC 856 40 $uhttps://purl.pt/26551 856 41 $uhttps://purl.pt/26551/service/media/cover/low 958 ## $aBND$bInterno$cDigitalizado 966 ## $lBN$mICONOG$sX-MM 61 995 ## $aIGM $zBND$d20140926$idfontes
Etiqueta de registo: 01192nkm 2200277 450 001 1881131 003 http://id.bnportugal.gov.pt/bib/catbnp/1881131 100 ## $a20140808f19141918km y0pory01030103ba 101 0# $apor 102 ## $aPT 200 1# $aEpisodios da guerra europêa$bVisual gráfico]$e [ Guerra 1914-1918] 210 #9 $aLisboa$cPap. Guedes,$d[1914-18] 215 ## $a1 postal$ccolor.$d9x14 cm 306 ## $aData de publicação atribuída em conformidade com a representação contemplada no documento,
conjugada com as caraterísticas formais do mesmo 324 ## $aCópia digital de original pertencente ao Museu Militar 330 ## $aImagens em composição tripartida, legendadas, representando cada uma delas, pessoas
em diferentes situações inerentes à guerra 518 1# $aEpisódios da guerra europeia 540 1# $aPrimeira Guerra Mundial 675 ## $a94(100)"1914/1918"(084.0)$vBN$zpor$3568220 712 02 $aPapelaria Guedes$4650$31226577 801 #0 $aPT$bBN$gRPC 856 40 $uhttps://purl.pt/26550 856 41 $uhttps://purl.pt/26550/service/media/cover/low 958 ## $aBND$bInterno$cDigitalizado 966 ## $lBN$mICONOG$sX-MM 60 995 ## $aIGM $zBND$d20140926$idfontes
Etiqueta de registo: 00254nkm 2200109 450 001 2141085 003 http://id.bnportugal.gov.pt/bib/catbnp/2141085 100 ## $a20230822f19051922am a0pory01030103ba 101 0# $apor 102 ## $aPT 200 1# $aCoche da coroa, Museu Nacional dos Coches$bVisual gráfico]$fMuseu Nacional dos Coches 210 #9 $aLisboa$cPap. Guedes,$d[ca 1915] 215 ## $a1 postal$cp&b$d8,9x13,9 cm 303 ## $aContém legenda descritiva 306 ## $aDatação atribuída em conformidade com as características formais do documento, em
conjugação com o período de atividade do editor 675 ## $a629.31(084.0)$vBN$zpor$31498527 675 ## $a069(469.411)Museu Nacional dos Coches(084.0)$vBN$zpor$31598127 710 01 $aPortugal.$bMuseu Nacional dos Coches$314977 712 02 $aPapelaria Guedes$4650$31226577 801 #0 $aPT$bBN$gRPC 966 ## $lBN$mICONOG$sP.I. 17107 P.$x2 971 ## $ciraminhos$d20230822
Etiqueta de registo: 00254nkm 2200109 450 001 2141084 003 http://id.bnportugal.gov.pt/bib/catbnp/2141084 100 ## $a20230822f19051922am a0pory01030103ba 101 0# $apor 102 ## $aPT 200 1# $aCoche dos meninos da Palhavã, Museu Nacional dos Coches$bVisual gráfico]$fMuseu Nacional dos Coches 210 #9 $aLisboa$cPap. Guedes,$d[ca 1915] 215 ## $a1 postal$cp&b$d9x14 cm 303 ## $aContém legenda descritiva 306 ## $aDatação atribuída em conformidade com as características formais do documento, em
conjugação com o período de atividade do editor 675 ## $a629.31(084.0)$vBN$zpor$31498527 675 ## $a069(469.411)Museu Nacional dos Coches(084.0)$vBN$zpor$31598127 710 01 $aPortugal.$bMuseu Nacional dos Coches$314977 712 02 $aPapelaria Guedes$4650$31226577 801 #0 $aPT$bBN$gRPC 966 ## $lBN$mICONOG$sP.I. 17105 P.$x2 971 ## $ciraminhos$d20230822
Etiqueta de registo: 00254nkm 2200109 450 001 2141083 003 http://id.bnportugal.gov.pt/bib/catbnp/2141083 100 ## $a20230822f19051922am a0pory01030103ba 101 0# $apor 102 ## $aPT 200 1# $aCoche de Felipe II de Portugal, 3.º de Espanha, Museu Nacional dos Coches$bVisual gráfico]$fMuseu Nacional dos Coches 210 #9 $aLisboa$cPap. Guedes,$d[ca 1915] 215 ## $a1 postal$cp&b$d8,9x13,9 cm 303 ## $aContém legenda descritiva 306 ## $aDatação atribuída em conformidade com as características formais do documento, em
conjugação com o período de atividade do editor 518 1# $aCoche de Filipe II de Portugal, 3.º de Espanha, Museu Nacional dos Coches 675 ## $a629.31(084.0)$vBN$zpor$31498527 675 ## $a069(469.411)Museu Nacional dos Coches(084.0)$vBN$zpor$31598127 710 01 $aPortugal.$bMuseu Nacional dos Coches$314977 712 02 $aPapelaria Guedes$4650$31226577 801 #0 $aPT$bBN$gRPC 966 ## $lBN$mICONOG$sP.I. 17106 P.$x2 971 ## $ciraminhos$d20230822
Etiqueta de registo: 00254nkm 2200109 450 001 2141080 003 http://id.bnportugal.gov.pt/bib/catbnp/2141080 100 ## $a20230822f19051922am a0pory01030103ba 101 0# $apor 102 ## $aPT 200 1# $aCoche de D. João V, Museu Nacional dos Coches$bVisual gráfico]$fMuseu Nacional dos Coches 210 #9 $aLisboa$cPap. Guedes,$d[ca 1915] 215 ## $a1 postal$cp&b$d8,9x14 cm 303 ## $aContém legenda descritiva 306 ## $aDatação atribuída em conformidade com as características formais do documento, em
conjugação com o período de atividade do editor 675 ## $a629.31(084.0)$vBN$zpor$31498527 675 ## $a069(469.411)Museu Nacional dos Coches(084.0)$vBN$zpor$31598127 710 01 $aPortugal.$bMuseu Nacional dos Coches$314977 712 02 $aPapelaria Guedes$4650$31226577 801 #0 $aPT$bBN$gRPC 966 ## $lBN$mICONOG$sP.I. 17104 P.$x2 971 ## $ciraminhos$d20230822
|
|
|